English Speaking Nations Quiz Stats

 Plays Quiz not verified by Sporcle

Score 0/63 Timer 10:00
1 Play Today
Hint Answer % Correct
North AmericaCanada
99.1%
North AmericaUnited States of America
99.1%
EuropeUnited Kingdom
98.1%
EuropeIreland
95.3%
AustralasiaAustralia
94.4%
AustralasiaNew Zealand
94.4%
AfricaSouth Africa
91.6%
AustralasiaFiji
89.7%
AsiaIndia
87.9%
North AmericaJamaica
86.9%
AustralasiaTonga
86.9%
North AmericaBarbados
86%
AfricaZimbabwe
86%
North AmericaBahamas
85%
North AmericaAntigua and Barbuda
84.1%
North AmericaBelize
84.1%
AsiaChina (Hong Kong)
84.1%
South AmericaGuyana
84.1%
AsiaMalaysia
84.1%
AfricaKenya
83.2%
North AmericaSaint Kitts and Nevis
83.2%
AfricaLesotho
82.2%
AustralasiaNauru
82.2%
AustralasiaSamoa
82.2%
AfricaGhana
81.3%
AsiaIsrael
81.3%
EuropeMalta
81.3%
AustralasiaMarshall Islands
81.3%
AsiaPhilippines
81.3%
AustralasiaKiribati
80.4%
AsiaPakistan
80.4%
AustralasiaPalau
80.4%
Hint Answer % Correct
AsiaSingapore
80.4%
AfricaUganda
80.4%
AfricaBotswana
79.4%
AfricaNigeria
79.4%
AustralasiaTuvalu
79.4%
AfricaZambia
79.4%
AfricaNamibia
78.5%
North AmericaSaint Lucia
78.5%
AfricaTanzania
78.5%
AfricaSwaziland
77.6%
North AmericaTrinidad and Tobago
77.6%
North AmericaSaint Vincent and the Grenadines
76.6%
AfricaSeychelles
76.6%
EuropeNetherlands (Sint Maarten, Sint Eustatius & Saba)
75.7%
AustralasiaSolomon Islands
75.7%
AfricaSudan
75.7%
North AmericaDominica
73.8%
AustralasiaFederated States of Micronesia
73.8%
North AmericaGrenada
72.9%
AfricaRwanda
72.9%
AfricaSouth Sudan
70.1%
AustralasiaVanuatu
70.1%
AfricaEritrea
68.2%
AfricaLiberia
68.2%
AustralasiaPapua New Guinea
68.2%
AfricaCameroon
67.3%
AfricaGambia
65.4%
AfricaMalawi
64.5%
AfricaMauritius
63.6%
North AmericaHonduras (Bay Islands)
61.7%
AfricaSierra Leone
57.9%

You're not logged in!

Compare scores with friends on all Sporcle quizzes.
OR
Log In

Show Comments

Extras

Top Quizzes Today


Score Distribution

Your Account Isn't Verified!

In order to create a playlist on Sporcle, you need to verify the email address you used during registration. Go to your Sporcle Settings to finish the process.

Report this User

Report this user for behavior that violates our Community Guidelines.

Details: